• 首页
  • 本馆介绍
  • 公告通知
  • 最新文献
  • 馆藏检索
  • 电子资源
  • 读者导购
  • 参考咨询
  • 我的图书馆
  • 登录
  • 详细信息显示
  • 放入我的书架
  • 预约/预借图书
  • 作者相关作品
  • 分类相关作品
  • 丛书相关作品
  • 出版社相关作品

书目信息

  • 表格格式
  • 工作单格式
  • 卡片格式
题名:
供应链管理
    
 
作者: 马士华 译
分册:  
出版信息: 北京   中国人民大学出版社  2005
页数: 274页
开本: 29cm
丛书名:
单 册:
中图分类: F274 , F252
科图分类:
主题词: 企业管理--供销管理--研究生--教材 , 企业管理 , 物资经济
电子资源:
ISBN: 7-300-06725-5
000 01099nam0 2200301 450
000 01086nam0 2200277 450
000 01019nam0 2200253 450
000 00983oam2 2200241 45
005 20070725083922.82
010    @a7-300-06725-5@dCNY45.00
100    @a20070719d2005 em y0chiy0120 ea
101 0  @achi
102    @aCN@b110000
105    @ay z 000yy
200 1  @a供应链管理@AGong Ying Lian Guan Li@dCoordinating and managing supply chains@f马士华译@FMa Shi Hua Yi@zeng
210    @a北京@c中国人民大学出版社@d2005
215    @a274页@c图@d29cm
300    @aMBA核心课案例教学推荐教材
330    @a本书介绍了出自美国哈佛商学院案例库的一批世界著名企业在实施供应链管理方面的成功经验,包括ChemBright股份有限公司、菲多利公司、Obermeyer有限公司、金宝汤公司、美国康普电脑连锁超市等。
510 1  @aCoordinating and managing supply chains@zeng
606 0  @a企业管理@x供销管理@x研究生@j教材
606 0  @a企业管理
606 0  @a物资经济
690    @aF274@v4
690    @aF252@v3
701  0 @a马士华@AMa Shi Hua@f(1956~)@4译
801  0 @aCN@bTAOJIN@c20070725
905    @a10447@dF252@e99
    
    供应链管理=Coordinating and managing supply chains/马士华译.-北京:中国人民大学出版社,2005
    274页:图;29cm
    MBA核心课案例教学推荐教材
    
    ISBN 7-300-06725-5:CNY45.00
    本书介绍了出自美国哈佛商学院案例库的一批世界著名企业在实施供应链管理方面的成功经验,包括ChemBright股份有限公司、菲多利公司、Obermeyer有限公司、金宝汤公司、美国康普电脑连锁超市等。
●
相关链接 在E读中查询图书 在五车中查询图书 在当当中查询图书 在豆瓣中查询图书


正题名:供应链管理     索取号:F252/99         预约/预借

序号 登录号 条形码 馆藏地/架位号 状态 备注
1 0824752   208247529   第一样本阅览室/ [索取号:F252/99] 在馆    
2 0824753   208247538   第一借阅区/ [索取号:F252/99] 在馆    
3 0824754   208247547   第一借阅区/ [索取号:F252/99] 在馆    
4 0824755   208247556   第一借阅区/ [索取号:F252/99] 在馆    
5 0824756   208247565   第一借阅区/ [索取号:F252/99] 在馆    
6 0824757   208247574   第一借阅区/ [索取号:F252/99] 在馆    
7 0824758   208247583   第一借阅区/ [索取号:F252/99] 在馆    
8 0824759   208247592   第一借阅区/ [索取号:F252/99] 在馆    
唐山师范学院图书馆 欢迎您!
大连网信软件有限公司© 版权所有